| 000 | 00796nam a2200241 a 4500 | ||
|---|---|---|---|
| 001 | 27489 | ||
| 003 | UkOxU | ||
| 005 | 20211209051148.0 | ||
| 008 | 140325s1953 enkbj b 001 0 eng d | ||
| 035 | _a(BD-RjUL)27563 | ||
| 040 |
_aRochester. Univ. Libr _cHEI _dm.c _dBD-RjUL _beng |
||
| 041 | _aeng | ||
| 082 |
_a942.03 _bPOT 1953 |
||
| 100 | 1 |
_aPowicke, F. M. _q(Frederick Maurice), _d1879-1963. _9557 |
|
| 245 | 1 | 4 |
_aThe thirteenth century, 1216-1307 / _cSir Maurice Powicke. |
| 260 |
_aOxford : _bClarendon Press, _c1953. |
||
| 300 |
_axiv, 829 p : _b4 maps, geneal. tables (1 fold.) ; _c23 cm. |
||
| 504 | _aIncludes Bibliography & index. | ||
| 651 | 0 |
_aGreat Britain _xHistory _y13th century. _915102 |
|
| 830 | 0 |
_v4 _985367 |
|
| 830 | 0 |
_aOxford history of England ; _985368 |
|
| 942 |
_2ddc _cBK |
||
| 999 |
_c27489 _d27489 |
||